000 00888nam a22002651u 4500
001 06364
003 HDC
007 cr bn ---
008 210123b2011 ||||| |||| 00| 0 eng d
040 _aHDC
100 _aEK SZE, DVM
_96729
245 0 _aPhytogenic Feed Additive :
_bA Natural Performer
_c/ by EK SZE, DVM
260 _a[No place] :
_b[publisher not identified],
_c[no year]
300 _a47 pages :
_bIllustrations
336 _atext
_2rdacontent
337 _acomputer
_2rdamedia
338 _aonline resource
_2rdacarrier
650 _aHalal hub food
_96728
650 _aHalal industry
_9144
650 _aProduct stability
_96730
856 _zRequest full-text at [email protected]
942 _2lcc
942 _cSLIDE
942 _kSLID 000718
999 _c3688
_d3688